[Event "EU-ch Amateur Online Final 1700/2000"]
[Site "Tornelo INT"]
[Date "2021.04.25"]
[Round "1"]
[White "Kaisaris, Dimitrios"]
[Black "Moldovan, Gheorghe Zamfir"]
[Result "0-1"]
[WhiteElo "1719"]
[BlackElo "1968"]
[PlyCount "68"]
[EventDate "2021.04.25"]
[EventType "swiss (rapid)"]
[EventRounds "9"]
[EventCountry "NET"]
[SourceTitle "EXT 2023"]
[Source "ChessBase"]
[SourceDate "2022.10.05"]
[SourceVersion "1"]
[SourceVersionDate "2022.10.05"]
[SourceQuality "1"]

1. d4 Nf6 2. Bg5 Ne4 3. Bf4 d5 4. e3 Nc6 5. Nf3 Bg4 6. Nbd2 e6 7. Be2 Bd6 8. Bxd6 cxd6 9. h3 Bh5 10. 0-0 0-0 11. c3 f5 12. Rc1 f4 13. exf4 Rxf4 14. Nxe4 dxe4 15. Nd2 Bg6 16. Nc4 Qe7 17. Ne3 Raf8 18. Bg4 Nd8 19. Qb3 Qf6 20. Rc2 h5 21. Bd1 Qg5 22. c4 Rh4 23. Kh1 Bf5 24. Nxf5 Qxf5 25. Qe3 Nf7 26. Qg3 Rf4 27. Bxh5 Nh6 28. Bg4 Nxg4 29. hxg4 Rxg4 30. Qxd6 e3 31. Qe5 Rh4+ 32. Kg1 Qxc2 33. Qxe6+ Kh8 34. Qe7 exf2+ 0-1

[Event "EU-ch Amateur Online 1700/2000"]
[Site "Tornelo INT"]
[Date "2021.04.24"]
[Round "4"]
[White "Novak, Frantisek"]
[Black "Kaisaris, Dimitrios"]
[Result "1-0"]
[WhiteElo "1984"]
[BlackElo "1719"]
[PlyCount "61"]
[EventDate "2021.04.24"]
[EventType "swiss (rapid)"]
[EventRounds "8"]
[EventCountry "NET"]
[SourceTitle "EXT 2023"]
[Source "ChessBase"]
[SourceDate "2022.10.05"]
[SourceVersion "1"]
[SourceVersionDate "2022.10.05"]
[SourceQuality "1"]

1. e4 c5 2. Nf3 Nc6 3. d4 cxd4 4. Nxd4 e5 5. Nb5 d6 6. c4 Be7 7. N1c3 a6 8. Na3 f5 9. g3 fxe4 10. Bg2 Nf6 11. 0-0 Be6 12. b3 0-0 13. Nxe4 Nxe4 14. Bxe4 Qd7 15. Nc2 Rac8 16. Ne3 Nd4 17. Bb2 b5 18. Rc1 bxc4 19. bxc4 Bf6 20. Nd5 Bxd5 21. Bxd5+ Kh8 22. f3 Rb8 23. Rf2 Bg5 24. f4 Bf6 25. fxe5 dxe5 26. Qh5 Qe8 27. Qh3 Qg6 28. Re1 Qg5 29. Bc1 Rb1 30. Be4 h6 31. Bxb1 1-0